Geography Quiz

Random Geography or World Quiz

World Cities of Five Million Quiz Stats

 Plays Quiz not verified by Sporcle

Challenge
Share
Tweet
Embed
Score 0/30 Timer 03:00
0 Plays Today
% Correct
New York City
92.9%
Tokyo
92.2%
Mexico City
90.8%
Beijing
89.4%
Shanghai
88.7%
Jakarta
88.7%
Rio de Janeiro
88.7%
London
87.2%
Delhi
86.5%
Istanbul
85.8%
Mumbai
85.1%
Seoul
84.4%
Moscow
83.7%
São Paulo
83.7%
Cairo
83%
% Correct
Hong Kong
81.6%
Bangkok
80.9%
Karachi
79.4%
Dhaka
78%
Ho Chi Minh City
73.8%
Kinshasa
72.3%
Lahore
66.7%
Singapore
63.8%
Bogotá
59.6%
Baghdad
58.2%
Lima
57.4%
Nanjing
57.4%
Hanoi
45.4%
Santiago
45.4%
Saint Petersburg
44%

You're not logged in!

Compare scores with friends on all Sporcle quizzes.
OR
Log In

You Might Also Like...

Show Comments

Extras

Top Quizzes Today


Score Distribution

Your Account Isn't Verified!

In order to create a playlist on Sporcle, you need to verify the email address you used during registration. Go to your Sporcle Settings to finish the process.

Report this User

Report this user for behavior that violates our Community Guidelines.

Details: